| 000 | 00806nam a22002897a 4500 | ||
|---|---|---|---|
| 001 | 9452 | ||
| 003 | FISKH | ||
| 005 | 20260109160527.0 | ||
| 008 | 260109b cb ||||| |||| 00| 0 eng d | ||
| 020 | _a9780736848862 | ||
| 040 |
_aFISKH _beng _cFISKH _dFISKH |
||
| 050 | _aQL533 .C68 | ||
| 082 | _a595.77 | ||
| 100 |
_aCoughlan, Cheryl _eAuthor |
||
| 245 |
_aFlies / _cBy Cheryl Coughlan |
||
| 260 |
_aMankato : _bCapstone Press , _c1999 |
||
| 300 |
_a24 pages : _bpictures ; _c18 cm |
||
| 490 |
_aPebble books : _vInsects |
||
| 505 | _aE | ||
| 520 | _aSimple text and photographs present the features and behavior of flies. | ||
| 521 | 8 |
_a210
_bLexile |
|
| 521 | 8 |
_aE
_bRaz-Plus |
|
| 650 |
_aInsects _vFlies |
||
| 650 |
_aNon-fiction _vPicture book |
||
| 942 |
_2ddc _cBK _n0 |
||
| 999 |
_c9452 _d9452 |
||